000 00670nam a2200181Ia 4500
008 151202s9999||||xx |||||||||||||| ||und||
082 _bPNVM-55774
100 _aचेस जेम्स हॅडली अनु.गुजर अनिल.
245 _aमोहिनी.
260 _b"मनोरंजन प्रकाशन,मुंबई."
260 _c0
300 _a200
600 _aचेस जेम्स हॅडली अनु.गुजर अनिल.
630 _aमोहिनी.
700 _aचेस जेम्स हॅडली अनु.गुजर अनिल.
730 _aमोहिनी.
942 _cBOOK
999 _c1322312
_d1322309